000 00464cam a2200193ua 4500
001 8542
008 150213n ii |||gr||||Z||||||eng
020 _a9780521540889
040 _cMAIN
041 _aeng
082 _a400
100 _aLyons, J.,
_eAuthor.
245 _aLanguage and linguistics :
_bIntroduction /
_cBy John Lyons .
250 _a1st.
260 _aNew Delhi:
_bCambridge,
_c2007.
300 _axii,356p.
653 _aLanguage
942 _cBK
999 _c7643
_d7643